| 000 | 00444nam a2200169Ia 4500 | ||
|---|---|---|---|
| 008 | 130318s9999 xx 000 0 und d | ||
| 020 | _a321219767 | ||
| 082 | _a005.112 FIL/A | ||
| 100 | _aFilman, Robert E | ||
| 245 | _aAspect oriented software development | ||
| 260 |
_bAddison-Wesley _aBoston _c2005 |
||
| 300 | _a755 | ||
| 650 | _aASPECT PROGRAMMING | ||
| 650 | _aSOFTWARE ENGINEERING | ||
| 700 | _aClarke, Siobhan | ||
| 700 | _aElrad,Tzilla | ||
| 999 |
_c970 _d970 |
||